Countries in German & English: Europe - Statistics

General Stats
  • This quiz has been taken 7 times
  • The average score is 36 of 45
Answer Stats
German English % Correct
Albanien Albania
100%
Andorra Andorra
100%
Belarus Belarus
100%
Belgien Belgium
100%
Bosnien und Herzegowina Bosnia and Herzegovina
100%
Bulgarien Bulgaria
100%
Kroatien Croatia
100%
Estland Estonia
100%
Frankreich France
100%
Deutschland Germany
100%
Griechenland Greece
100%
Island Iceland
100%
Kosovo Kosovo
100%
Liechtenstein Liechtenstein
100%
Luxemburg Luxembourg
100%
Malta Malta
100%
Dänemark Denmark
86%
Finnland Finland
86%
Irland Ireland
86%
Italien Italy
86%
Monaco Monaco
86%
Niederlande Netherlands
86%
Österreich Austria
71%
Lettland Latvia
71%
Litauen Lithuania
71%
Moldawien Moldova
71%
Montenegro Montenegro
71%
Portugal Portugal
71%
Russland Russia
71%
San Marino San Marino
71%
Serbien Serbia
71%
Schweiz Switzerland
71%
Ukraine Ukraine
71%
Vereinigtes Königreich United Kingdom
71%
Tschechien Czech Republic
57%
Ungarn Hungary
57%
Nordmazedonien North Macedonia
57%
Norwegen Norway
57%
Polen Poland
57%
Rumänien Romania
57%
Slowakei Slovakia
57%
Slowenien Slovenia
57%
Spanien Spain
57%
Schweden Sweden
57%
Vatikanstadt Vatican City
57%
No matching quizzes found
Score Distribution
Percent of People with Each Score
Percentile by Number Answered
Your Score History
You have not taken this quiz